[Event "Usti nad Labem Chlumecky Blitz op"]
[Site "Usti nad Labem"]
[Date "2024.05.05"]
[Round "8"]
[White "Bures, Petr"]
[Black "Papay, Jindrich"]
[Result "0-1"]
[WhiteElo "1687"]
[BlackElo "1862"]
[PlyCount "74"]
[EventDate "2024.05.05"]
[EventType "swiss (blitz)"]
[EventRounds "15"]
[EventCountry "CZE"]
[SourceTitle "CB20_2024"]
[SourceDate "2024.05.16"]
[SourceVersion "1"]
[SourceVersionDate "2024.05.16"]
[SourceQuality "1"]

1. e4 e5 2. Nf3 f5 3. d3 d6 4. Nc3 Nf6 5. Bg5 Be7 6. Be2 0-0 7. 0-0 f4 8. h3 h6 9. Bxf6 Bxf6 10. Nd5 c6 11. Nxf6+ Qxf6 12. c4 Be6 13. Qb3 b6 14. Qc3 Nd7 15. b4 g5 16. Rfd1 c5 17. b5 h5 18. Nh2 Qg6 19. f3 Nf6 20. Qe1 g4 21. fxg4 hxg4 22. hxg4 Nxg4 23. Nxg4 Bxg4 24. Bxg4 Qxg4 25. Rd2 Kf7 26. Qf2 Rg8 27. a4 Ke6 28. Raa2 Rh8 29. d4 cxd4 30. Ra3 Rh6 31. Rf3 Rah8 32. Kf1 Rh1+ 33. Ke2 Qg6 34. Rd1 Qxe4+ 35. Kd2 Rxd1+ 36. Kxd1 Rh1+ 37. Kd2 Ra1 0-1

[Event "Usti nad Labem Chlumecky Blitz op"]
[Site "Usti nad Labem"]
[Date "2024.05.05"]
[Round "12"]
[White "Lancaric, Tomas"]
[Black "Papay, Jindrich"]
[Result "1-0"]
[WhiteElo "1893"]
[BlackElo "1862"]
[PlyCount "57"]
[EventDate "2024.05.05"]
[EventType "swiss (blitz)"]
[EventRounds "15"]
[EventCountry "CZE"]
[SourceTitle "CB20_2024"]
[SourceDate "2024.05.16"]
[SourceVersion "1"]
[SourceVersionDate "2024.05.16"]
[SourceQuality "1"]

1. d4 f5 2. Nf3 Nf6 3. g3 d6 4. c4 c6 5. Bg2 g6 6. Qb3 Bg7 7. 0-0 0-0 8. Nc3 Kh8 9. Re1 Qe8 10. e4 fxe4 11. Nxe4 Nxe4 12. Rxe4 Nd7 13. Bf4 Nf6 14. Re2 Qd8 15. Rae1 Re8 16. Ng5 Qb6 17. Rxe7 Rxe7 18. Rxe7 Qxb3 19. axb3 Bf8 20. Rf7 Bg7 21. Bxd6 h6 22. Ne4 Kg8 23. Re7 Nxe4 24. Bxe4 Bf5 25. Bxf5 gxf5 26. Be5 Bf8 27. Rxb7 a5 28. Rb8 Rxb8 29. Bxb8 1-0

[Event "Usti nad Labem Chlumecky Blitz op"]
[Site "Usti nad Labem"]
[Date "2024.05.05"]
[Round "13"]
[White "Papay, Jindrich"]
[Black "Kerej, Junus Tulengaliuly"]
[Result "1/2-1/2"]
[WhiteElo "1862"]
[BlackElo "1738"]
[PlyCount "155"]
[EventDate "2024.05.05"]
[EventType "swiss (blitz)"]
[EventRounds "15"]
[EventCountry "CZE"]
[SourceTitle "CB20_2024"]
[SourceDate "2024.05.16"]
[SourceVersion "1"]
[SourceVersionDate "2024.05.16"]
[SourceQuality "1"]

1. f4 c5 2. Nf3 Nc6 3. g3 Nf6 4. d3 d5 5. Bg2 e6 6. c3 Bd6 7. 0-0 0-0 8. Qc2 b6 9. e4 dxe4 10. dxe4 e5 11. f5 Qc7 12. h3 Bb7 13. Nbd2 Rad8 14. g4 Na5 15. b3 c4 16. b4 Nc6 17. a4 Bxb4 18. cxb4 Nxb4 19. Qc3 Nd3 20. Ne1 Nxe1 21. Rxe1 Ba6 22. Bf1 Rd4 23. Nf3 Rd7 24. Qxe5 Qxe5 25. Nxe5 Rd4 26. Ba3 Re8 27. Nc6 Rdxe4 28. Rxe4 Rxe4 29. Nxa7 Nd5 30. Bg2 Rd4 31. Nb5 Rd2 32. Re1 h6 33. Bd6 c3 34. Bxd5 Rxd5 35. Nxc3 Rxd6 36. Rb1 Rd3 37. Nb5 Rd2 38. Nc7 Bd3 39. Rxb6 Be4 40. a5 Rg2+ 41. Kf1 Ra2 42. a6 Bg2+ 43. Kg1 Bxh3 44. Rb7 Bg2 45. Rb6 Bf3 46. Nb5 Be2 47. a7 Bxb5 48. Rb8+ Kh7 49. a8Q Rxa8 50. Rxa8 Bd3 51. Ra4 h5 52. g5 f6 53. g6+ Kh6 54. Ra5 h4 55. Ra7 Kg5 56. Rxg7 Bxf5 57. Rg8 Kh5 58. Kh2 Bg4 59. Rg7 Kg5 60. Rf7 Kf4 61. Rh7 Kf3 62. Rf7 h3 63. Rxf6+ Ke3 64. Kg3 Ke4 65. Re6+ Kd5 66. Rf6 Ke5 67. Rf8 Ke4 68. Re8+ Kd5 69. Kf4 Kd6 70. Rh8 Ke6 71. Rh6 Kd5 72. Rh8 Kd4 73. Rd8+ Kc3 74. Rf8 Kd2 75. Re8 Kd1 76. Kg3 Kd2 77. Re7 Kd3 78. Re8 1/2-1/2

[Event "Usti nad Labem Chlumecky Blitz op"]
[Site "Usti nad Labem"]
[Date "2024.05.05"]
[Round "15"]
[White "Stastny, Petr"]
[Black "Papay, Jindrich"]
[Result "0-1"]
[WhiteElo "1963"]
[BlackElo "1862"]
[PlyCount "125"]
[EventDate "2024.05.05"]
[EventType "swiss (blitz)"]
[EventRounds "15"]
[EventCountry "CZE"]
[SourceTitle "CB20_2024"]
[SourceDate "2024.05.16"]
[SourceVersion "1"]
[SourceVersionDate "2024.05.16"]
[SourceQuality "1"]

1. b3 f5 2. Bb2 Nf6 3. Nf3 g6 4. g3 d6 5. Bg2 c6 6. d4 Bg7 7. Nbd2 0-0 8. c4 Na6 9. a3 Nc7 10. Qc2 Qe8 11. 0-0 Ng4 12. Rae1 e5 13. dxe5 dxe5 14. e3 e4 15. Nd4 Ne5 16. Rd1 Nd3 17. Bc3 a6 18. Ne2 Bxc3 19. Qxc3 Qe5 20. Qxe5 Nxe5 21. Nc1 Rd8 22. Nb1 Be6 23. f4 Ng4 24. Rxd8+ Rxd8 25. Re1 Kf7 26. h3 Nf6 27. Bf1 Nce8 28. Kf2 Ke7 29. Be2 Nd6 30. Nc3 Nc8 31. a4 Rd2 32. Rd1 Rc2 33. Nb1 Nb6 34. Na3 Rb2 35. Ke1 Nbd7 36. Rd2 Rxd2 37. Kxd2 Nc5 38. Kc3 b6 39. Nc2 Kd6 40. Nd4 Bf7 41. Bd1 Ne6 42. b4 c5 43. Nxe6 Bxe6 44. b5 a5 45. Ne2 Nh5 46. Bc2 h6 47. Kd2 Nf6 48. Kc3 g5 49. fxg5 hxg5 50. h4 gxh4 51. gxh4 Ng4 52. Kd2 Bxc4 53. Nf4 Bg8 54. h5 Bh7 55. Bb3 Ne5 56. Bd5 Nf3+ 57. Ke2 Ng5 58. Bc6 c4 59. Bd5 Kc5 60. Kd2 Kb4 61. Be6 c3+ 62. Kc2 Nf3 63. Bf7 0-1

[Event "Usti nad Labem Chlumecky Rapid op"]
[Site "Usti nad Labem"]
[Date "2024.05.04"]
[Round "7"]
[White "Novak, Lukas1"]
[Black "Papay, Jindrich"]
[Result "0-1"]
[WhiteElo "1766"]
[BlackElo "1875"]
[PlyCount "148"]
[EventDate "2024.05.04"]
[EventType "swiss (rapid)"]
[EventRounds "9"]
[EventCountry "CZE"]
[SourceTitle "CB20_2024"]
[SourceDate "2024.05.16"]
[SourceVersion "1"]
[SourceVersionDate "2024.05.16"]
[SourceQuality "1"]

1. e4 e5 2. Nf3 f5 3. Nxe5 Qf6 4. d4 d6 5. Nc4 fxe4 6. Be2 d5 7. Ne3 c6 8. c4 Be6 9. Nc3 Bb4 10. a3 Bxc3+ 11. bxc3 Ne7 12. 0-0 0-0 13. cxd5 cxd5 14. Ng4 Bxg4 15. Bxg4 Nbc6 16. Qb3 b6 17. Be3 Na5 18. Qb5 Nc4 19. a4 Qc6 20. Qxc6 Nxc6 21. Be6+ Kh8 22. Bxd5 N6a5 23. Bxa8 Rxa8 24. Rad1 Nb2 25. Rd2 Nac4 26. Rc2 Nxa4 27. Ra1 b5 28. Rca2 Rb8 29. h3 a5 30. Bf4 Rf8 31. g3 Nxc3 32. Rc2 b4 33. Bd2 Nxd2 34. Rxd2 a4 35. d5 Rd8 36. d6 Kg8 37. Kf1 Kf7 38. Rd4 b3 39. Raxa4 Nxa4 40. Rxa4 Rb8 41. Ra1 b2 42. Rb1 Ke6 43. Ke2 Kxd6 44. Kd2 Ke5 45. Kc3 h5 46. g4 hxg4 47. hxg4 Kf4 48. Kd4 Rd8+ 49. Kc3 Rd3+ 50. Kxb2 g5 51. Rg1 Rd2+ 52. Kc1 Rxf2 53. Kd1 e3 54. Ke1 Ra2 55. Rf1+ Kxg4 56. Rg1+ Kf3 57. Rf1+ Rf2 58. Rh1 g4 59. Rh8 Ra2 60. Rf8+ Kg2 61. Re8 Ra3 62. Ke2 Kg3 63. Rf8 Kg2 64. Rg8 g3 65. Rg7 Ra2+ 66. Kxe3 Rf2 67. Rh7 Rf8 68. Rh4 Kg1 69. Ke2 g2 70. Rg4 Re8+ 71. Kf3 Kf1 72. Rxg2 Rf8+ 73. Kg3 Rg8+ 74. Kh3 Rxg2 0-1

[Event "CZE-chT rap"]
[Site "Pardubice"]
[Date "2013.07.12"]
[Round "2.4"]
[White "Papay, Jindrich"]
[Black "Sergeyev, Alexander"]
[Result "0-1"]
[WhiteElo "1920"]
[BlackElo "2368"]
[PlyCount "60"]
[EventDate "2013.07.11"]
[EventType "team-swiss"]
[EventRounds "7"]
[EventCountry "CZE"]
[SourceTitle "CBM 155 Extra"]
[Source "ChessBase"]
[SourceDate "2013.08.26"]
[SourceVersion "1"]
[SourceVersionDate "2013.08.26"]
[SourceQuality "1"]

1. g4 d5 2. Bg2 Nc6 3. g5 e5 4. d3 f6 5. h4 Be6 6. c3 Qd7 7. b4 h6 8. Nf3 0-0-0 9. a4 hxg5 10. a5 e4 11. dxe4 dxe4 12. Qxd7+ Bxd7 13. Nfd2 e3 14. Nf3 g4 15. Ng1 Nxb4 16. Na3 exf2+ 17. Kxf2 Bc5+ 18. Be3 Na6 19. Rb1 c6 20. Nc4 Be6 21. Bxc5 Nxc5 22. Ne3 f5 23. Nc2 Nf6 24. Nd4 Rhe8 25. a6 Nxa6 26. e4 f4 27. Nge2 f3 28. Nxf3 gxf3 29. Kxf3 Nc5 30. Ra1 Bg4+ 0-1

[Event "Teplice op 8th"]
[Site "Teplice"]
[Date "2013.06.16"]
[Round "2"]
[White "Papay, Jindrich"]
[Black "Babicka, Michal"]
[Result "0-1"]
[WhiteElo "1947"]
[BlackElo "1710"]
[PlyCount "52"]
[EventDate "2013.06.15"]
[EventType "swiss"]
[EventRounds "9"]
[EventCountry "CZE"]
[SourceTitle "CBM 155 Extra"]
[Source "ChessBase"]
[SourceDate "2013.08.26"]
[SourceVersion "1"]
[SourceVersionDate "2013.08.26"]
[SourceQuality "1"]

1. g4 d5 2. Bg2 c6 3. g5 g6 4. h4 Bg7 5. c3 e5 6. d3 h6 7. Nf3 Be6 8. Qb3 Qc7 9. Na3 e4 10. Nd4 exd3 11. Nxe6 fxe6 12. e4 Nd7 13. Be3 0-0-0 14. Bd4 Bxd4 15. cxd4 d2+ 16. Ke2 Ne7 17. e5 Nf5 18. Nc2 Nb6 19. Kxd2 Nc4+ 20. Ke2 c5 21. dxc5 Qxe5+ 22. Kd1 Nd4 23. Nxd4 Qxd4+ 24. Ke1 Rdf8 25. f3 Qd2+ 26. Kf1 Ne3+ 0-1

[Event "Teplice op 7th"]
[Site "Teplice"]
[Date "2012.06.21"]
[Round "6"]
[White "Papay, Jindrich"]
[Black "Seliger, Bedrich"]
[Result "1-0"]
[WhiteElo "1988"]
[BlackElo "1828"]
[PlyCount "77"]
[EventDate "2012.06.16"]
[EventType "swiss"]
[EventRounds "9"]
[EventCountry "CZE"]
[SourceTitle "CBM 149 Extra"]
[Source "ChessBase"]
[SourceDate "2012.08.24"]
[SourceVersion "1"]
[SourceVersionDate "2012.08.24"]
[SourceQuality "1"]

1. g4 e5 2. d3 d5 3. g5 h6 4. g6 fxg6 5. Bg2 Nf6 6. Nf3 Bd6 7. Nbd2 Be6 8. e4 Nc6 9. c3 Qd7 10. b4 0-0-0 11. b5 Ne7 12. Qa4 Kb8 13. c4 dxc4 14. Nxc4 Nc8 15. Ncxe5 Bxe5 16. Nxe5 Qe8 17. 0-0 Nb6 18. Qb4 Nfd7 19. Bf4 g5 20. Bg3 h5 21. h3 Nxe5 22. Bxe5 Bxh3 23. Bxc7+ Kxc7 24. Bxh3 g4 25. Bg2 h4 26. e5 h3 27. Be4 Qxe5 28. Rac1+ Kb8 29. Rc5 Qd6 30. Rfc1 g3 31. fxg3 Qxg3+ 32. Kh1 Qf4 33. Qe1 Rhe8 34. Rf5 Qg4 35. Rf7 Rd7 36. Qf2 Rxf7 37. Qxf7 Rxe4 38. Qc7+ Ka8 39. Qd8+ 1-0

[Event "Teplice op 6th"]
[Site "Teplice"]
[Date "2011.06.17"]
[Round "7"]
[White "Kaluzny, Jiri"]
[Black "Papay, Jindrich"]
[Result "0-1"]
[WhiteElo "1866"]
[BlackElo "1979"]
[PlyCount "56"]
[EventDate "2011.06.11"]
[EventType "swiss"]
[EventRounds "9"]
[EventCountry "CZE"]
[SourceTitle "CBM 142 Extra"]
[Source "ChessBase"]
[SourceDate "2011.06.27"]
[SourceVersion "1"]
[SourceVersionDate "2011.06.27"]
[SourceQuality "1"]

1. e4 d6 2. d4 Nd7 3. Nf3 g6 4. Be3 Bg7 5. Be2 Ngf6 6. Nc3 0-0 7. 0-0 b6 8. Qd2 Bb7 9. Bd3 c5 10. Bh6 cxd4 11. Nxd4 Nc5 12. Bxg7 Kxg7 13. Rae1 e5 14. Nf3 a5 15. Qg5 Nxd3 16. cxd3 Ba6 17. Re3 h6 18. Qh4 Nh5 19. Nd5 Qxh4 20. Nxh4 Rac8 21. Nxb6 Rc2 22. Nc4 Nf4 23. Rd1 Rb8 24. g3 Nh3+ 25. Kf1 Nxf2 26. Rd2 Rxd2 27. Nxd2 Nxd3 28. Kg2 Rxb2 0-1

[Event "Teplice op 6th"]
[Site "Teplice"]
[Date "2011.06.13"]
[Round "3"]
[White "Hlousek, Zdenek"]
[Black "Papay, Jindrich"]
[Result "0-1"]
[WhiteElo "1823"]
[BlackElo "1979"]
[PlyCount "106"]
[EventDate "2011.06.11"]
[EventType "swiss"]
[EventRounds "9"]
[EventCountry "CZE"]
[SourceTitle "CBM 142 Extra"]
[Source "ChessBase"]
[SourceDate "2011.06.27"]
[SourceVersion "1"]
[SourceVersionDate "2011.06.27"]
[SourceQuality "1"]

1. d4 f5 2. Bg5 g6 3. Nf3 Bg7 4. g3 Nf6 5. Bg2 0-0 6. 0-0 d6 7. c3 c6 8. Nbd2 Nbd7 9. Qc2 h6 10. Bxf6 Rxf6 11. e4 e6 12. e5 dxe5 13. dxe5 Rf7 14. Nc4 g5 15. Rfe1 Qc7 16. Nd4 Nxe5 17. Nxe5 Bxe5 18. Nxe6 Bxe6 19. Qe2 Bxg3 20. hxg3 Re8 21. Qe3 f4 22. gxf4 gxf4 23. Qe5 Qxe5 24. Rxe5 Bd7 25. Rxe8+ Bxe8 26. Re1 Bd7 27. f3 Kg7 28. Kf2 Bf5 29. Rd1 Rd7 30. Rxd7+ Bxd7 31. Bf1 Kf6 32. Bd3 Ke5 33. Be4 a5 34. a3 Be6 35. Kg2 Kd6 36. b4 axb4 37. axb4 b6 38. Kf2 c5 39. bxc5+ Kxc5 40. Bd3 Bc4 41. Be4 Kb5 42. Bc2 Bd5 43. Bd3+ Ka4 44. Ke2 Kb3 45. Be4 Be6 46. Kd2 h5 47. Bc2+ Kb2 48. Bd3 h4 49. Bf1 Kb3 50. Bg2 h3 51. Bh1 Bc4 52. Kc1 Kxc3 53. Bg2 hxg2 0-1

[Event "Teplice op 5th"]
[Site "Teplice"]
[Date "2010.06.20"]
[Round "9"]
[White "Novotny, Tomas"]
[Black "Papay, Jindrich"]
[Result "1-0"]
[WhiteElo "1918"]
[BlackElo "2045"]
[PlyCount "63"]
[EventDate "2010.06.12"]
[EventType "swiss"]
[EventRounds "9"]
[EventCountry "CZE"]
[SourceTitle "CBM 136 Extra"]
[Source "ChessBase"]
[SourceDate "2010.07.02"]
[SourceVersion "2"]
[SourceVersionDate "2010.07.15"]
[SourceQuality "1"]

1. e4 e6 2. d4 d5 3. exd5 exd5 4. Bd3 Bd6 5. Ne2 Nf6 6. Bg5 0-0 7. 0-0 Be6 8. Ng3 Nbd7 9. Nd2 c6 10. c3 Qc7 11. Qc2 b5 12. Nf3 a5 13. Rfe1 b4 14. Nf5 Bf4 15. Ne7+ Kh8 16. cxb4 axb4 17. Nxc6 Bd6 18. Nxb4 Qb6 19. a3 Bxb4 20. axb4 Qxb4 21. Bd2 Qb7 22. b4 Nb6 23. Ne5 Rfc8 24. Qb3 Ne4 25. Bxe4 dxe4 26. Qg3 Rxa1 27. Rxa1 Nd7 28. Nxd7 Qxd7 29. Be3 g6 30. Qe5+ Kg8 31. Bh6 f5 32. d5 1-0

[Event "Teplice op 5th"]
[Site "Teplice"]
[Date "2010.06.19"]
[Round "8"]
[White "Papay, Jindrich"]
[Black "Marikova, Jana"]
[Result "1-0"]
[WhiteElo "2045"]
[BlackElo "1837"]
[PlyCount "75"]
[EventDate "2010.06.12"]
[EventType "swiss"]
[EventRounds "9"]
[EventCountry "CZE"]
[SourceTitle "CBM 136 Extra"]
[Source "ChessBase"]
[SourceDate "2010.07.02"]
[SourceVersion "2"]
[SourceVersionDate "2010.07.15"]
[SourceQuality "1"]

1. e4 c5 2. c4 d6 3. Nf3 Nf6 4. Nc3 Nc6 5. d4 cxd4 6. Nxd4 g6 7. Be2 Bg7 8. Be3 0-0 9. 0-0 Nxd4 10. Bxd4 e5 11. Be3 Be6 12. b3 Ne8 13. Bf3 Qd7 14. Qd3 f5 15. Rad1 f4 16. Bc5 Rd8 17. Bxa7 g5 18. h3 Rf6 19. Bg4 Bxg4 20. hxg4 Qxg4 21. Qh3 Qxh3 22. gxh3 Rh6 23. Kg2 f3+ 24. Kg3 Nf6 25. Be3 Nh5+ 26. Kxf3 Rf8+ 27. Ke2 Nf4+ 28. Kd2 Rxh3 29. Kc2 Rf6 30. Rh1 Rxh1 31. Rxh1 h6 32. Nd5 Rf7 33. a4 Kf8 34. Nc3 h5 35. Nb5 Ke7 36. Rd1 Rf6 37. Nxd6 h4 38. Nf5+ 1-0

[Event "Teplice op 5th"]
[Site "Teplice"]
[Date "2010.06.16"]
[Round "5"]
[White "Bartos, Jan"]
[Black "Papay, Jindrich"]
[Result "1-0"]
[WhiteElo "2201"]
[BlackElo "2045"]
[PlyCount "79"]
[EventDate "2010.06.12"]
[EventType "swiss"]
[EventRounds "9"]
[EventCountry "CZE"]
[SourceTitle "CBM 136 Extra"]
[Source "ChessBase"]
[SourceDate "2010.07.02"]
[SourceVersion "2"]
[SourceVersionDate "2010.07.15"]
[SourceQuality "1"]

1. d4 f5 2. g3 Nf6 3. Bg2 g6 4. Nf3 Bg7 5. 0-0 c6 6. b3 0-0 7. Bb2 d6 8. c4 Na6 9. Nbd2 Qe8 10. Qc2 Bd7 11. a3 Rc8 12. Rfe1 d5 13. Ne5 Be6 14. Ndf3 Ne4 15. Nd3 Bf7 16. Nfe5 e6 17. f3 Nf6 18. Qd2 Nd7 19. e4 Nxe5 20. Nxe5 Bxe5 21. dxe5 Qd8 22. exd5 Nc5 23. Qe3 cxd5 24. Rad1 Qe7 25. cxd5 Rfd8 26. d6 Qd7 27. b4 Na4 28. Bd4 b6 29. Bf1 Qb7 30. Rc1 Be8 31. Bc4 Bd7 32. Kf2 b5 33. Bb3 Nb6 34. Bxb6 axb6 35. Rxc8 Rxc8 36. Rc1 Rxc1 37. Qxc1 Qb8 38. Qc7 Qxc7 39. dxc7 Kf7 40. Bd1 1-0

[Event "Ostrava op"]
[Site "Ostrava"]
[Date "2010.05.05"]
[Round "5"]
[White "Matuszewski, Michal"]
[Black "Papay, Jindrich"]
[Result "1-0"]
[WhiteElo "2305"]
[BlackElo "2045"]
[PlyCount "65"]
[EventDate "2010.05.01"]
[EventType "swiss"]
[EventRounds "9"]
[EventCountry "CZE"]
[SourceTitle "EXT 2011"]
[Source "ChessBase"]
[SourceDate "2010.11.26"]
[SourceVersion "1"]
[SourceVersionDate "2010.11.26"]
[SourceQuality "1"]

1. d4 f5 2. e4 d6 3. Nc3 Nf6 4. Bd3 Nc6 5. Nf3 fxe4 6. Nxe4 Nb4 7. 0-0 Nxd3 8. Qxd3 c6 9. Re1 Qa5 10. Nxd6+ Kd7 11. Nf7 Rg8 12. N3e5+ Kc7 13. Bf4 Nh5 14. Qf3 Nxf4 15. Qxf4 g5 16. Nxg5 Qd5 17. Nef7+ Kb6 18. Re5 Qc4 19. Qd2 a5 20. b3 Qb4 21. c3 Qa3 22. d5 h6 23. dxc6 bxc6 24. Qd4+ Kc7 25. Qf4 Kb6 26. Qe3+ Kc7 27. Ne4 Bg7 28. Nc5 Bxe5 29. Nxe5 Qb2 30. Re1 Qc2 31. Nc4 Qg6 32. Qxe7+ Kb8 33. Qe5+ 1-0

[Event "Ostrava op"]
[Site "Ostrava"]
[Date "2010.05.04"]
[Round "4"]
[White "Papay, Jindrich"]
[Black "Bujnoch, Radek"]
[Result "1-0"]
[WhiteElo "2045"]
[BlackElo "2130"]
[PlyCount "103"]
[EventDate "2010.05.01"]
[EventType "swiss"]
[EventRounds "9"]
[EventCountry "CZE"]
[SourceTitle "EXT 2011"]
[Source "ChessBase"]
[SourceDate "2010.11.26"]
[SourceVersion "1"]
[SourceVersionDate "2010.11.26"]
[SourceQuality "1"]

1. e4 c5 2. c4 Nc6 3. Nc3 g6 4. Nf3 Bg7 5. d3 d6 6. Be2 Bg4 7. Be3 e6 8. h3 Bxf3 9. Bxf3 Nge7 10. 0-0 Nd4 11. Bxd4 Bxd4 12. Ne2 Nc6 13. Qd2 Bg7 14. g3 Rb8 15. Rab1 b5 16. Rfd1 Ne5 17. Bg2 bxc4 18. d4 cxd4 19. Nxd4 Qb6 20. b3 0-0 21. Kh2 Qc5 22. Rbc1 d5 23. f4 Nd3 24. Qxd3 cxd3 25. Rxc5 Bxd4 26. Rc6 dxe4 27. Bxe4 Rbd8 28. Rxd3 f5 29. Rc4 Bg7 30. Rxd8 Rxd8 31. Bg2 e5 32. fxe5 Bxe5 33. Rc5 Bb8 34. Rd5 Rc8 35. h4 Kg7 36. Rd3 Kf6 37. a4 h6 38. Bd5 Rc2+ 39. Kg1 f4 40. g4 Bd6 41. Bg2 Ke5 42. h5 g5 43. Bf3 Bc5+ 44. Kh1 Bd4 45. Bg2 Rf2 46. Kh2 Be3 47. Kh1 Ke6 48. Bb7 Rc2 49. Bf3 Bc5 50. Bb7 Bd6 51. Be4 Kd7 52. Rxd6+ 1-0

[Event "Ostrava op"]
[Site "Ostrava"]
[Date "2010.05.01"]
[Round "1"]
[White "Jasso, Slavomir"]
[Black "Papay, Jindrich"]
[Result "0-1"]
[WhiteElo "1730"]
[BlackElo "2045"]
[PlyCount "124"]
[EventDate "2010.05.01"]
[EventType "swiss"]
[EventRounds "9"]
[EventCountry "CZE"]
[SourceTitle "EXT 2011"]
[Source "ChessBase"]
[SourceDate "2010.11.26"]
[SourceVersion "1"]
[SourceVersionDate "2010.11.26"]
[SourceQuality "1"]

1. d4 f5 2. c4 Nf6 3. g3 g6 4. Bg2 Bg7 5. Bg5 c6 6. Nc3 d6 7. e4 fxe4 8. Bxf6 exf6 9. Nxe4 0-0 10. Ne2 Na6 11. 0-0 Nc7 12. Re1 f5 13. N4c3 Qf6 14. d5 Bd7 15. Qd2 c5 16. Rab1 g5 17. f4 g4 18. a3 h5 19. b4 Na6 20. b5 Nb8 21. a4 Be8 22. a5 Qd8 23. Nd1 h4 24. Rb3 h3 25. Bf1 Nd7 26. Nc1 Bf7 27. Bd3 Qf6 28. Bb1 Rfe8 29. Kf1 Rxe1+ 30. Kxe1 Bg6 31. Re3 Nf8 32. Nb3 Qf7 33. Qe2 Bf6 34. Kf1 Qd7 35. Bc2 Kg7 36. Ke1 a6 37. b6 Qa4 38. Kf1 Qb4 39. Kg1 Rd8 40. Re7+ Kh6 41. Re3 Rd7 42. Kf1 Rf7 43. Qd3 Nd7 44. Qe2 Nxb6 45. axb6 Qxb6 46. Re6 Kg7 47. Ne3 a5 48. Nd2 Qb2 49. Bxf5 Qc1+ 50. Qe1 Qc3 51. Bxg6 Kxg6 52. Qb1+ Kg7 53. Nf5+ Kf8 54. Qe1 Qd3+ 55. Qe2 Qxf5 56. Ne4 Bd4 57. Qc2 Re7 58. Qd2 Rxe6 59. dxe6 Qxe6 60. Qd3 Qf5 61. Qe2 d5 62. cxd5 Qxd5 0-1